II Simposio Internacional En Tecnologîas Inteligentes ( Memorias) (Registro nro. 13185)

Detalles MARC
000 -LÍDER
fixed length control field 00486nam a2200157 4500
008 - ELEMENTOS DE LONGITUD FIJA -- INFORMACIÓN GENERAL
fixed length control field 0 2000 0i 000 0MEX
020 ## - NÚMERO INTERNACIONAL NORMALIZADO PARA LIBROS
ISBN 970-92704-0-0
050 ## - SIGNATURA TOPOGRAFICA DE LA BIBLIOTECA DEL CONGRESO (LC)
Número de Clasificación Q334 T6 2000
082 ## - NUMERO DE CLASIFICACION DECIMAL DEWEY
Número de Clasificación 001.535 T693s
100 ## - ASIENTO PRINCIPAL--NOMBRE PERSONAL
Nombre personal Torres Jimenez, José
245 ## - TÍTULO
Título II Simposio Internacional En Tecnologîas Inteligentes ( Memorias)
260 ## - PUBLICACIÓN, DISTRIBUCIÓN, ETC. (PIE DE IMPRENTA)
Lugar de publicación, distribución, etc. Mêxico : Instituto Tecnologico De Apizaco
300 ## - DESCRIPCIÓN FÍSICA
Extensión VII, 240 p. / 26.8 cm.
440 ## -
-- Jôse Torres Jimenez
650 ## - ASIENTO SECUNDARIO DE MATERIA - TERMINO TEMÁTICO
Término temático o nombre geográfico como elemento de entrada 1. ROBOTS.
Existencias
No. biblioteca No. biblioteca Número de clasificación Código de barras/Número de adquisición Número de copia Tipo de material
LUIS G. INCLAN LUIS G. INCLAN 001.535 T693s 35974 1 Libros
Calzada Tecnológico # 27, Zacatepec, Morelos.
01(734) 343-07-23 / 343-21-10 / 343-21-11
Apdo. Postal 45 C.P 62780